Statistics for The only country... #3

Click here to take the quiz!

General Stats

  • This quiz has been taken 82 times
  • The average score is 5 of 10

Answer Stats

HintAnswer% Correct
Where you can find a town called HelsinkiFinland
99%
With a temple complex as its national symbolCambodia
82%
Where you can find the midnight sun in the Arctic CircleNorway
78%
That has abolished its military forcesCosta Rica
70%
That connects two continentsEgypt
70%
That imports cork oak treesPortugal
46%
Entirely above 1,000 meters (3,280 feet) in elevationLesotho
34%
That was never colonized by European powersThailand
33%
With a trilingual official mottoLuxembourg
18%
Without a natural water source that relies on recycled waterSingapore
16%

Score Distribution

Percentile by Number Answered

Percent of People with Each Score

Your Score History

You have not taken this quiz